Minecraft Mobs With Two Words - Statistics

General Stats
  • This quiz has been taken 54 times
    37 since last reset
  • The average score is 10 of 24
Answer Stats
Mob % Correct
Wither Skeleton
76%
Ender Dragon
72%
Skeleton Horse
69%
Iron Golem
62%
Zombie Villager
59%
Cave Spider
55%
Chicken Jockey
55%
Elder Guardian
55%
Piglin Brute
55%
Spider Jockey
55%
Happy Ghast
52%
Snow Golem
52%
Copper Golem
45%
Zombified Piglin
45%
Wandering Trader
41%
Magma Cube
31%
Tropical Fish
31%
Polar Bear
28%
Glow Squid
17%
Strider Jockey
17%
Trader Llama
17%
Hoglin Jockey
14%
Skeleton Horseman
10%
Ravager Jockey
3%
No matching quizzes found
Score Distribution
Percent of People with Each Score
Percentile by Number Answered
Your Score History
You have not taken this quiz since the last reset